स्वातंत्र्यसंग्राम : ज्ञात आणि अज्ञात (Record no. 332933)

MARC details
000 -LEADER
fixed length control field 00751nam a2200169Ia 4500
008 - FIXED-LENGTH DATA ELEMENTS--GENERAL INFORMATION
fixed length control field 090711s9999 xx 000 0 und d
082 ## - DEWEY DECIMAL CLASSIFICATION NUMBER
Item number 533
100 ## - MAIN ENTRY--PERSONAL NAME
Personal name वाळिंबे वि. स.
245 ## - TITLE STATEMENT
Title स्वातंत्र्यसंग्राम : ज्ञात आणि अज्ञात
260 ## - PUBLICATION, DISTRIBUTION, ETC. (IMPRINT)
Name of publisher, distributor, etc मराठे सुप्रिया शरद
Date of publication, distribution, etc 1998
300 ## - PHYSICAL DESCRIPTION
Extent 191
600 ## - SUBJECT ADDED ENTRY--PERSONAL NAME
Personal name वाळिंबे वि. स.
630 ## - SUBJECT ADDED ENTRY--UNIFORM TITLE
Uniform title स्वातंत्र्यसंग्राम : ज्ञात आणि अज्ञात
700 ## - ADDED ENTRY--PERSONAL NAME
Personal name वाळिंबे वि. स.
730 ## - ADDED ENTRY--UNIFORM TITLE
Uniform title स्वातंत्र्यसंग्राम : ज्ञात आणि अज्ञात
942 ## - ADDED ENTRY ELEMENTS (KOHA)
Koha item type Book

No items available.